000 00414nam a2200181Ia 4500
001 557
005 20260306140526.0
008 260306t2016||||xx |||||||||||||| ||spa||
041 _aESP
082 _a128
_bA94
100 _aAyllón Vega, José Ramón
_eAUT
245 0 _aEn torno al hombre
260 _c2016
300 _a292 páginas :
_c21 cm.
650 _aGEN
654 _aCHU
942 _cLIB
_dJUS
_fJUS
_2ddc
_n
999 _c557
_d557